| 000 | 00633nam a22002177a 4500 | ||
|---|---|---|---|
| 003 | DO-SdBNP | ||
| 005 | 20210902153634.0 | ||
| 007 | ta | ||
| 008 | 210902b 2018 dr 00| 0 eng d | ||
| 020 | _a9789945803082 | ||
| 040 |
_aDO-SdBNP _bspa _cBNPHU |
||
| 100 | 1 |
_aMartínez, Modesto _979715 |
|
| 245 | 1 | 3 |
_aEl salto : _bla redención / _cModesto Martínez ; prólogo Juan Bolivar Díaz |
| 260 |
_aSanto Domingo : _bs.n., _c2018. |
||
| 300 |
_a391 p. ; _c23 cm. |
||
| 504 | _aBibliografía : p. 387-391 | ||
| 590 | _aInventariado, 2021/BT | ||
| 700 | 1 |
_aDíaz, Juan Bolivar, _epról. _938361 |
|
| 910 | _aBtavárez | ||
| 942 |
_2ddc _cLBS1 |
||
| 999 |
_c50387 _d50387 |
||